01479cam a2200385 i 4500001000500000005001700005008004100022020002900063020003000092020002600122020001800148040003500166050002400201082001400225100004100239245005000280250004600330260003400376300004000410500002900450505000600479520019900485521001800684521001800702650003300720650002400753650003600777650002700813650002400840650005100864650002100915650005600936650005000992650005101042148620230828151059.0160415s2016 nyua c 000 1 eng  a9781481437868 (hardback) a9781481437875 (paperback) z9781481437882 (eBook) a9781338132557 aDLCbengcDLCerdadDLCdFISKH00aPZ7.5.D66bSom 201600a[Fic]2231 aDonwerth-Chikamatsu, Annie,eauthor.10aSomewhere among /cAnnie Donwerth-Chikamatsu. aFirst Scholastic printing, September 2016 aNew York :bScholastic,c2016 a441 pages :billustrations ;c22 cm a"A Caitlyn Dlouhy Book." aO aEleven-year-old Emma's life in Tokyo changes for the worse when she and her American mother, who is pregnant, must move in with her Japanese grandmother the summer before 9/11 changes the world.1 a840 bLexile1 aO bRaz-Plus 1aFamily lifezJapanvFiction. 1aBelongingvFiction. 1aRacially mixed peoplevFiction. 1aGrandmothersvFiction. 1aPregnancyvFiction. 1aSeptember 11 Terrorist Attacks, 2001vFiction. 1aNovels in verse. 7aJUVENILE FICTION / People & Places / Asia.2bisacsh 7aJUVENILE FICTION / Stories in Verse.2bisacsh 7aJUVENILE FICTION / Family / New Baby.2bisacsh